1251 1305 1911 1754 1776 1691 1921 1758 1999 1052 1898 1103 1459 1637 1885 1822 1631 1078 1569 1527 1594 1919 1172 1165 1976 1777 1661 1424 1694 1845 1431 1714 1794 1603 1624 1708 1349 1732 1304 1691 1115 1153 1348 1897 1638 1620 1407 1131 1125 1564 1866 1967 1898 1735 1596 1481 1895 1488 1211 1284 1125 1920 1237 1734 1786 1111 1569 1866 1777 1668 1026 1084 1784 1163 1957 1846 1351 1615 1816 1952 1646 1253 1141 1681 1720 1290 1499 1668 1947 1278 1278 1985 1890 1219 1948 1307 1234 1808 1680 BCNSPRNW ULIB Ver.6.0+V

เปลี่ยนเป็นภาษาไทย

Change to English
 แสดงรายละเอียดบรรณานุกรม
  กลับหน้าหลัก

Brief Record : Get Marc (ISO 2709) : E-mail record : QR code < ปิดหน้าต่าง
LEADER : 00000nam 2200000uu 4500
001    13399126424
003     ULIB
008    180915s2561||||th 000 0 tha d
020    ^a9786165156844
050    ^aBH^bอ972K
100    ^aไอซ์ THAI KETO PAL
245    ^aKETOGENIC DIET มหัศจรรย์ไขมัน ยิ่งกินยิ่งผอม
250    ^aพิมพ์ครั้งที่ 1
260    ^aกรุงเทพฯ :^bเนชั่น อินเตอร์เนชั่นแนล เอ็ดดูเทนเมนต์,^c2561
300    ^a188 หน้า;^b19 ซม.
650    ^aความงาม
650    ^aการลดความอ้วน
945    ^p195^l0^i26626
999    ^aกัณชพร จุลอักษร
รายการนี้ยังไม่มีแท็ก
คุณยังไม่ได้ล็อกอิน คุณสามารถมีกิจกรรมร่วมกับเว็บไซต์ได้ แต่ต้องล็อกอินก่อน ::
  ล็อกอิน

รายการสื่อสารสนเทศ

ลำดับที่ ประเภท เลขเรียก/บาร์โค้ด สถานที่ สถานะ
1. วิทยาศาสตร์การแพทย์ และสุขภาพ
วิทยาศาสตร์การแพทย์ และสุขภาพ
BH อ972K ฉ.1 
  Barcode: 26626
ห้องสมุดวิทยาเขตนครสวรรค์
►หนังสือทั่วไป:l:General Books
บนชั้น

รายการใกล้เคียง
    ชื่อเรื่อง [KETOGENIC DIET มหัศจรรย์ไขมัน ยิ่งกินยิ่งผอม]

    ผู้แต่ง [ไอซ์ THAI KETO PAL]

    หัวเรื่อง [ความงาม]
    หัวเรื่อง [การลดความอ้วน]

BibComment


ยังไม่เคยถูกคอมเมนท์

คอมเมนท์ทรัพยากรรายการนี้
  คอมเมนท์: KETOGENIC DIET ม..


 Copyright 2026. Bcnsprnw @Library